<The> evolving role of central banks papers presented at the Fifth seminar on central banking, Washington, D.C., november 5-15, 1990

Salvato in:
Dettagli Bibliografici
Ente Autore: Fifth seminar on central banking
Altri autori: Downes, Patrick T., Vaez-Zadeh, Reza
Natura: Libro
Lingua:inglese
Pubblicazione: Washington, D.C. IMF 1991
Soggetti:
Tags: Aggiungi Tag
Nessun Tag, puoi essere il primo ad aggiungerne!!

MARC

LEADER 00000nam$a2200000$$$4500
001 0011272
005 20240104132643.6
020 |a 1-557-75185-4 
041 0 |a eng 
044 |a US 
245 1 0 |a <The> evolving role of central banks  |b papers presented at the Fifth seminar on central banking, Washington, D.C., november 5-15, 1990  |c vedec. red. Patrick T. Downes, Reza Vaez-Zadeh 
264 1 |a Washington, D.C.  |b IMF  |c 1991 
300 |a 458 s. 
610 2 0 |a banky centrálne 
610 2 0 |a bankovníctvo 
610 2 0 |a banky 
610 2 0 |a sústava finančná 
610 2 0 |a politika menová 
610 2 0 |a politika peňažná 
610 2 0 |a reformy hospodárske 
610 2 0 |a kríza finančná 
610 2 0 |a kríza banková 
610 2 0 |a porovnanie medzinárodné 
610 2 0 |a svet 
700 1 |a Downes, Patrick T. 
700 1 |a Vaez-Zadeh, Reza 
110 2 |a Fifth seminar on central banking